تاريخ الفلسفة في الاسلام / (Record no. 7255)
[ view plain ]
| 000 -الفاتح | |
|---|---|
| حقل البيانات ثابتة الطول | 00652nac a22001451u 4500 |
| 008 - عناصر البيانات ثابتة الطول - معلومات عامة | |
| حقل البيانات ثابتة الطول | 080901s ua||||||r||| 001 0cara d |
| 082 ## - رقم تصنيف ديوى العشرى | |
| رقم التصنيف | 189.09 |
| رقم المادة | ب و ر |
| رقم الطبعة | 22 |
| 245 ## - بيان العنوان | |
| العنوان | تاريخ الفلسفة في الاسلام / |
| بيان المسئوليه,etc | تأليف ت.ج.دي بور ؛ نقله إلى العربية محمد عبد الهادي أبو ريدة |
| اسم جزء/قسم العمل | |
| 260 ## - PUBLICATION, DISTRIBUTION, ETC. (IMPRINT) | |
| مكان الناشر او الموزع | القاهرة : |
| اسم الناشر او الموزع | لجنة التأليف والترجمة والنشر ،[د.ت[ |
| تاريخ النشر أو التوزيع | [د.ت] |
| 300 ## - الوصف المادى | |
| التعداد | 294 ص.; |
| أبعاد الوعاء | 24 سم. |
| 500 ## - تبصرة عامة | |
| تبصرة عامة | يحتوي على كشاف بالأعلام |
| 511 ## - | |
| -- | Catalogued by: Sara |
| 541 ## - تبصرة المصدر المباشر للتزويد | |
| مصدر التزويد | ؛الف باء |
| طريقة التزويد | شراء ؛ |
| 942 ## - عناصر المدخل الإضافي( كوها) | |
| Koha [default] item type | Book - Borrowing |
| سابقة رقم الطلب | 189.09 ب و ر |
| مصدر التصنيف او مخطط الترفيف | Dewey Decimal Classification |
| حالة التراجع | حالة الفقد | مصدر التصنيف او خطة الترفيف | حالة تلف | ليس للاعارة | مجموعات كوها | المكان الدائم | المكان الحالي | موقع الترفيف | تاريخ الاكتساب | Source of acquisition | رقم الاستدعاء | الباركود | Date last seen | نوع الوعاء |
|---|---|---|---|---|---|---|---|---|---|---|---|---|---|---|
| Dewey Decimal Classification | Alef-Baa | Central Library | Central Library | Lower Floor | 08/01/2017 | 189.09 ديب | 000008839 | 15/07/2025 | Book - Borrowing |